Statistics for Riddles #2

Click here to take the quiz!

General Stats

  • This quiz has been taken 135 times
  • The average score is 9 of 21

Answer Stats

RiddleAnswer% Correct
What can you catch, but not throw?A Cold
78%
You are running in the olympics in an 100m sprint race. You over take the person in second. What place are you in now?Second
75%
Poor people have it. Rich people need it. If you eat it you die. what is it?Nothing
70%
What five-letter word becomes shorter when you add 2 letters to it?Short
66%
I come right in front of Earth, at the end of time, and twice in a week. What am I?The Letter 'E'
65%
What has a head, a tail, is brown, and has no legs?A Penny
57%
What has many keys, but can't even open a single door?A Piano
57%
What travels around the world but stays in one spot?A Stamp
56%
Tall I am young, Short I am old, While with life I glow, Wind is my foe. What am I?A Candle
42%
What is black when you buy it, red when you use it, and gray when you throw it away?Charcoal
42%
The more you take, the more you leave behind. What am I?Footsteps
39%
When it is cold I expand and when it is warm I contract. What am I?Water/Ice
39%
With three eyes and as black as night, I frequently knock down ten men with a single strike! What am I?Bowling Ball
36%
What English word has three consecutive double letters?Bookkeeper
30%
What 7 letter word is spelled the same way backwards and forwards?Racecar
30%
I have 4 fingers and a thumb, but i am not living. What am I?A Glove
27%
A box without hinges, key or lid, yet golden treasure inside is hid. What is it?An Egg
24%
What demands an answer, but asks no question?A Telephone
16%
What three letters make a man of a boy?Age
10%
I'm the part of the bird that's not in the sky. I can swim in the ocean and yet remain dry. What am I?A Shadow
9%
What falls but doesn't break, and what breaks but doesn't fall?Night and Day
4%

Score Distribution

Percentile by Number Answered

Percent of People with Each Score

Your Score History

You have not taken this quiz